=LDR 00000nam 2200000 4500 =001 INLIS000000000014837 =005 20200313035118 =035 ##$$a 0010-061300000014837 =008 200313################g##########0#ind## =041 ##$$a Ind =082 ##$$a 297.54 =090 ##$$a 297.54, Sul z =100 ##$$a Mawardi Labay El-Sulthani =245 1#$$a Zikir dan doa menuju jalan hidup yang lurus dan terang /$c K. H. Mawardi Labay El-Sulthani; editor, H. Saifuddin Aman, MBA, Kamaruddin Natsir =260 ##$$a Jakarta :$b Al-Mawardi Prima,$c 2001 =300 ##$$a xviii, 487 hlm. ; $c 24 x 15 cm. =650 #4$$a Doa =850 ##$$a NBPNMAT =020 ##$$a 979-9402-17-4 =084 ##$$a 297.54 MAW z =250 ##$$a cet. 1 =700 #$$a Saifuddin Aman =700 #$$a Kamaruddin Natsir =990 ##$$a 30501429 =990 ##$$a 30501430 =990 ##$$a 30501431 =990 ##$$a 30501432